Library Banner

صحیفہ کتاب غالب (Record no. 80929)

MARC details
000 -LEADER
fixed length control field 00372nam a22001337a 4500
005 - DATE AND TIME OF LATEST TRANSACTION
control field 20151211155216.0
008 - FIXED-LENGTH DATA ELEMENTS--GENERAL INFORMATION
fixed length control field 151211b xxu||||| |||| 00| 0 eng d
040 ## - CATALOGING SOURCE
Transcribing agency PK-LaUMT
082 ## - DEWEY DECIMAL CLASSIFICATION NUMBER
Classification number MSC 954.092
Item number SAH-
245 ## - TITLE STATEMENT
Title صحیفہ کتاب غالب
Statement of responsibility, etc وحید قریشی(مرتب
260 ## - PUBLICATION, DISTRIBUTION, ETC. (IMPRINT)
Place of publication, distribution, etc لاہور
Name of publisher, distributor, etc مجلس ترقی ادب
Date of publication, distribution, etc 2008
300 ## - PHYSICAL DESCRIPTION
Extent 492 ص
942 ## - ADDED ENTRY ELEMENTS (KOHA)
Koha item type Books
Holdings
Withdrawn status Lost status Damaged status Home library Current library Date acquired Full call number Barcode Date last seen Price effective from Koha item type
      UMT Main Campus UMT Main Campus 2015-12-11 MSC 954.092 SAH- 95172 2015-12-11 2015-12-11 Books